000 00296nam a22001337a 4500
008 170601b xxu||||| |||| 00| 0 eng d
020 _a9780195178258
041 _aeng
080 _a94(4)
100 _a17
101 _aSHH
245 _aREADINGS IN GREEK HISTORY
_cNAGLE,D.B
942 _2udc
_cBK
999 _c15409
_d15409